| 000 | 004600000a22001810004500 | ||
|---|---|---|---|
| 003 | MACL | ||
| 005 | 20151222124754.0 | ||
| 008 | 151222b xxu||||| |||| 00| 0 eng d | ||
| 040 |
_aMACL _cMACL |
||
| 041 | _aEnglish | ||
| 082 | _a291.521/MOO | ||
| 100 |
_aMoore, Thomas _921863 |
||
| 245 |
_aMeeting God _bElements of Hindu Devotion |
||
| 260 |
_bYale University Press _c1999 |
||
| 350 | _a1789 | ||
| 650 |
_aReligion _921864 |
||
| 942 |
_cBK _k291.521/MOO _2ddc |
||
| 999 |
_c40208 _d40208 |
||